000 00590nam a2200229Ia 4500
003 OSt
005 20220924135321.0
006 a|||||r|||| 00| 0
007 ta
008 220923b |||||||| |||| 00| 0 ben d
024 _a290499
037 _cTextual
040 _aARTS
_cARTS
_bben
041 _2ben
_aben
082 _aO111,1xN, 157M8
100 _aDas Sisir Kumar
_924741
245 0 _aOidipous turannus of sophocles
260 _c1988
650 _aENGLISH LITERATURE
942 _hO111,1xN, 157M8
_cTEXL
_2CC
999 _c440256
_d440256